ბათუმის შოთა რუსთაველის სახელმწიფო უნივერსიტეტის ბიბლიოთეკა

Evolution / (ბიბ.ჩანაწერი № 57677)

000 -LEADER
fixed length control field 01336cam a2200337 a 4500
001 - CONTROL NUMBER
control field 14770363
005 - DATE AND TIME OF LATEST TRANSACTION
control field 20200902142819.0
008 - FIXED-LENGTH DATA ELEMENTS--GENERAL INFORMATION
fixed length control field 070315s2007 nyuab b 001 0 eng
010 ## - LIBRARY OF CONGRESS CONTROL NUMBER
LC control number 2007010767
020 ## - INTERNATIONAL STANDARD BOOK NUMBER
International Standard Book Number 9780879696849
020 ## - INTERNATIONAL STANDARD BOOK NUMBER
International Standard Book Number 0879696842
035 ## - SYSTEM CONTROL NUMBER
System control number (OCoLC)ocm86090399
035 ## - SYSTEM CONTROL NUMBER
System control number (OCoLC)86090399
040 ## - CATALOGING SOURCE
Original cataloging agency DLC
Transcribing agency DLC
Modifying agency BAKER
-- BTCTA
-- C#P
-- YDXCP
-- DLC
050 00 - LIBRARY OF CONGRESS CALL NUMBER
Classification number QH366.2
Item number .E847 2007
080 ## - UNIVERSAL DECIMAL CLASSIFICATION NUMBER
Universal Decimal Classification number 575.8 E-95
245 00 - TITLE STATEMENT
Title Evolution /
Statement of responsibility, etc. Nicholas H. Barton ... [et al.].
260 ## - PUBLICATION, DISTRIBUTION, ETC.
Place of publication, distribution, etc. Cold Spring Harbor, N.Y. :
Name of publisher, distributor, etc. Cold Spring Harbor Laboratory Press,
Date of publication, distribution, etc. c2007.
300 ## - PHYSICAL DESCRIPTION
Extent xiv, 833 p. :
Other physical details ill. (chiefly col.), col. maps ;
Dimensions 29 cm.
504 ## - BIBLIOGRAPHY, ETC. NOTE
Bibliography, etc. note Includes bibliographical references and index.
650 #0 - SUBJECT ADDED ENTRY--TOPICAL TERM
Topical term or geographic name entry element Evolution (Biology)
Form subdivision Textbooks.
9 (RLIN) 9388
653 ## - INDEX TERM--UNCONTROLLED
keyword ევოლუცია
653 ## - INDEX TERM--UNCONTROLLED
keyword გენეტიკა
653 ## - INDEX TERM--UNCONTROLLED
keyword მოლეკულური ბიოლოგია
700 1# - ADDED ENTRY--PERSONAL NAME
Personal name Barton, Nicholas H.
Relator term ავტორი
9 (RLIN) 9389
700 1# - ADDED ENTRY--PERSONAL NAME
Personal name Briggs, Derek E. G.
Relator term ავტორი
9 (RLIN) 9390
856 41 - ELECTRONIC LOCATION AND ACCESS
Materials specified Table of contents only
Uniform Resource Identifier http://www.loc.gov/catdir/toc/ecip0713/2007010767.html
906 ## - LOCAL DATA ELEMENT F, LDF (RLIN)
a 7
b cbc
c orignew
d 1
e ecip
f 20
g y-gencatlg
942 ## - ADDED ENTRY ELEMENTS (KOHA)
Source of classification or shelving scheme
Koha item type წიგნი
ეგზემპლარები
Withdrawn status Lost status Source of classification or shelving scheme Damaged status Not for loan Permanent Location Current Location Shelving location Date acquired Cost, normal purchase price Full call number Barcode Date last seen Copy number Price effective from Koha item type Public note
          ბათუმის შოთა რუსთაველის სახელმწიფო უნივერსიტეტის მთავარი ბიბლიოთეკა ბათუმის შოთა რუსთაველის სახელმწიფო უნივერსიტეტის მთავარი ბიბლიოთეკა წიგნსაცავი 2020-09-02 174.00 575.8 E-95 61001 2020-09-02 61001 2020-09-02 წიგნი 174 ლ.